[Event "COL-ch U20"]
[Site "Barranquilla"]
[Date "2022.07.09"]
[Round "6"]
[White "Rivera Fernandez, Fredy Alejandro"]
[Black "Mercado Florez, Diego Armando"]
[Result "1-0"]
[WhiteElo "1391"]
[BlackElo "1263"]
[PlyCount "31"]
[EventDate "2022.07.06"]
[EventType "swiss"]
[EventRounds "9"]
[EventCountry "COL"]
[SourceTitle "EXT 2023"]
[Source "ChessBase"]
[SourceDate "2022.10.05"]
[SourceVersion "1"]
[SourceVersionDate "2022.10.05"]
[SourceQuality "1"]

1. b3 e5 2. Bb2 Nc6 3. e3 d5 4. Bb5 Bd6 5. f4 f6 6. fxe5 fxe5 7. Nf3 Bd7 8. Bxc6 Bxc6 9. Nxe5 Bxe5 10. Qh5+ Kd7 11. Qf5+ Ke8 12. Qxe5+ Ne7 13. Qxg7 Ng6 14. 0-0 Qe7 15. Qxe7+ Kxe7 16. Bxh8 1-0

[Event "Manizales Las Americas op-C"]
[Site "Manizales"]
[Date "2021.10.15"]
[Round "3"]
[White "Rivera Fernandez, Fredy Alejandro"]
[Black "Pinzon, Luis Guillermo"]
[Result "0-1"]
[WhiteElo "1374"]
[BlackElo "1581"]
[PlyCount "24"]
[EventDate "2021.10.14"]
[EventType "swiss"]
[EventRounds "9"]
[EventCountry "COL"]
[SourceTitle "EXT 2023"]
[Source "ChessBase"]
[SourceDate "2022.10.05"]
[SourceVersion "1"]
[SourceVersionDate "2022.10.05"]
[SourceQuality "1"]

1. d4 c6 2. Nf3 Nf6 3. e3 g6 4. b3 Bg7 5. Bb2 d6 6. Bd3 Qc7 7. Nbd2 Bg4 8. h3 Bd7 9. c4 0-0 10. Rc1 Re8 11. c5 Nd5 12. Be2 h5 0-1

[Event "Belem Amazon op U2200"]
[Site "Belem"]
[Date "2018.05.19"]
[Round "4"]
[White "Medeiros, Jose Eduardo Guimar"]
[Black "Rivera Fernandez, Fredy Alejandro"]
[Result "0-1"]
[WhiteElo "1736"]
[BlackElo "1492"]
[PlyCount "46"]
[EventDate "2018.05.18"]
[EventType "swiss"]
[EventRounds "6"]
[EventCountry "BRA"]
[SourceTitle "EXT 2019"]
[Source "ChessBase"]
[SourceDate "2018.10.10"]
[SourceVersion "1"]
[SourceVersionDate "2018.10.10"]
[SourceQuality "1"]

1. d4 Nf6 2. c4 g6 3. Nc3 d6 4. e4 Bg7 5. Nf3 0-0 6. Be2 e6 7. 0-0 b6 8. Be3 Bb7 9. Bd3 Ng4 10. Bg5 f6 11. Bd2 Nh6 12. Qc1 Nf7 13. h4 Nc6 14. g4 f5 15. exf5 exf5 16. gxf5 Nxd4 17. Ng5 Nxg5 18. Bxg5 Nf3+ 19. Kg2 Nxg5+ 20. f3 Nxf3 21. Rxf3 Bxf3+ 22. Kxf3 Qxh4 23. Be4 Rad8 0-1

[Event "Belem FEXPA U2200 op 1st"]
[Site "Belem"]
[Date "2017.05.21"]
[Round "5"]
[White "Rivera Fernandez, Fredy Alejandro"]
[Black "De Vilhena, Cleriston Mubarak T"]
[Result "1-0"]
[WhiteElo "1518"]
[BlackElo "1601"]
[PlyCount "31"]
[EventDate "2017.05.19"]
[EventType "swiss"]
[EventRounds "6"]
[EventCountry "BRA"]
[SourceTitle "EXT 2018"]
[Source "ChessBase"]
[SourceDate "2017.10.13"]
[SourceVersion "1"]
[SourceVersionDate "2017.10.13"]
[SourceQuality "1"]

1. e4 c5 2. d4 cxd4 3. c3 dxc3 4. Nxc3 e6 5. Bc4 Nc6 6. Nf3 Qc7 7. Be3 Nf6 8. 0-0 Bb4 9. Qc2 a6 10. a3 Bxc3 11. bxc3 Ne5 12. Be2 Nc6 13. Rab1 d5 14. Bb6 Qb8 15. exd5 exd5 16. Bd3 1-0

[Event "Risarald op"]
[Site "Risarald"]
[Date "2015.06.15"]
[Round "7"]
[White "Molina Osorio, Jose Luis"]
[Black "Rivera Fernandez, Fredy Alejandro"]
[Result "0-1"]
[WhiteElo "1600"]
[BlackElo "1421"]
[PlyCount "76"]
[EventDate "2015.06.12"]
[EventType "swiss"]
[EventRounds "7"]
[EventCountry "COL"]
[SourceTitle "CBM 167 Extra"]
[Source "ChessBase"]
[SourceDate "2015.09.14"]
[SourceVersion "1"]
[SourceVersionDate "2015.09.14"]
[SourceQuality "1"]

1. e4 c5 2. Bc4 Nc6 3. Qh5 e6 4. Qe2 Nd4 5. Qd3 Nf6 6. Nf3 Nxf3+ 7. Qxf3 g6 8. d3 d6 9. 0-0 Bg7 10. Bg5 h6 11. Bxf6 Qxf6 12. Qxf6 Bxf6 13. Nd2 Bxb2 14. Rab1 Bd4 15. Nb3 Bf6 16. Bb5+ Kf8 17. a4 Kg7 18. Bc4 Bd7 19. a5 b5 20. Bxb5 Bxb5 21. Nxc5 Bc6 22. Nb3 Rhf8 23. Rfe1 Kg8 24. h3 Rab8 25. Nd2 Bc3 26. Rxb8 Rxb8 27. Rd1 Ba4 28. Rb1 Rxb1+ 29. Nxb1 Bb2 30. e5 dxe5 31. Nd2 Bxc2 32. Ne4 Bxd3 33. Nc5 Bc4 34. Na4 Bd4 35. g3 Bb5 36. Nb6 axb6 37. axb6 Bxb6 38. Kg2 Bc4 0-1

[Event "Risarald op"]
[Site "Risarald"]
[Date "2015.06.12"]
[Round "1"]
[White "Rivera Fernandez, Fredy Alejandro"]
[Black "Dabraccio, Guillermo"]
[Result "0-1"]
[WhiteElo "1421"]
[BlackElo "1734"]
[PlyCount "42"]
[EventDate "2015.06.12"]
[EventType "swiss"]
[EventRounds "7"]
[EventCountry "COL"]
[SourceTitle "CBM 167 Extra"]
[Source "ChessBase"]
[SourceDate "2015.09.14"]
[SourceVersion "1"]
[SourceVersionDate "2015.09.14"]
[SourceQuality "1"]

1. e4 e6 2. d4 b6 3. Nf3 Nf6 4. Nc3 Bb7 5. e5 Nd5 6. Bg5 Be7 7. Nxd5 Bxd5 8. Bxe7 Qxe7 9. Bd3 Qb4+ 10. c3 Qxb2 11. c4 Qc3+ 12. Nd2 Qxd3 13. cxd5 exd5 14. Nf3 Qe4+ 15. Qe2 Qxe2+ 16. Kxe2 0-0 17. Rhe1 Nc6 18. Kf1 a5 19. Rad1 b5 20. Rd2 a4 21. Rb1 b4 0-1

[Event "Ortega PIJAITO ORO U14 2nd"]
[Site "Ortega"]
[Date "2014.07.04"]
[Round "5.3"]
[White "Rivera Fernandez, Fredy Alejandro"]
[Black "Vargas Roldan, Santiago"]
[Result "1/2-1/2"]
[WhiteElo "1315"]
[BlackElo "1470"]
[PlyCount "67"]
[EventDate "2014.07.04"]
[EventType "swiss"]
[EventRounds "6"]
[EventCountry "COL"]
[SourceTitle "EXT 2024"]
[Source "ChessBase"]
[SourceDate "2023.10.10"]
[SourceVersion "1"]
[SourceVersionDate "2023.10.10"]
[SourceQuality "1"]

1. d4 d5 2. c4 Nf6 3. Nc3 dxc4 4. e3 Be6 5. e4 Nc6 6. d5 Bg4 7. Nf3 Na5 8. e5 Ng8 9. b4 c6 10. bxa5 Qxa5 11. Bd2 cxd5 12. Nxd5 Qxd5 13. Be2 Be6 14. 0-0 f6 15. exf6 Nxf6 16. Qc2 Qc5 17. Be3 Qc6 18. Ne5 Qc8 19. Nxc4 b5 20. Nd6+ exd6 21. Qxc8+ Rxc8 22. Bxb5+ Bd7 23. Bc4 Rxc4 24. Rfe1 Kd8 25. Bxa7 Re4 26. Rxe4 Nxe4 27. Rb1 Ke7 28. Re1 Bf5 29. f3 d5 30. fxe4 dxe4 31. Bc5+ Kd8 32. Rd1+ Kc7 33. Be3 Be6 34. Bf4+ 1/2-1/2